| 000 | 01141nam0a22002651 4500 | ||
|---|---|---|---|
| 001 | rc\2380555 | ||
| 005 | 20110829184529.6 | ||
| 035 | _a(NLR Aleph) 006501467 | ||
| 090 |
_a6235832 _c6235832 |
||
| 100 | _a20110829d1979 |||y0rusy50 ca | ||
| 101 | 0 | _arus | |
| 102 | _aRU | ||
| 105 | _aa z ||||| | ||
| 200 | 1 |
_aУпражнения с гирями _eМетод. рекомендации _f[Воен. инж. ин-т им. А.Ф. Можайского]. Каф. физ. подгот. и спорта _g[Подгот. к. п. н. А.В. Бурковым и подполк. В.А. Дроботом] |
|
| 210 |
_aЛенинград _cВИКИ _d1979 |
||
| 215 |
_a35 с. _cил. _d20 |
||
| 320 | _aБиблиогр.: с. 34 | ||
| 702 | 1 |
_aДробот _bВ. А. _4570 |
|
| 702 | 1 |
_aБурков _bА. В. _4570 |
|
| 712 | 0 | 2 |
_aВоенный инженерный институт им. А. Ф. Можайского _cЛенинград _bКафедра физической подготовки и спорта _3RU\NLR\AUTH\889999971 |
| 801 | 0 |
_aRU _bNLR _gpsbo |
|
| 801 | 1 |
_aRU _bELAR _2rusmarc |
|
| 852 |
_aNLR _j80-4/11195 |
||
| 942 | _cBOOK | ||
| 980 | _aNB | ||